01286nam a2200337 a 4500001001100000003000800011006001900019007001500038008004100053010001700094020001500111040002100126035002000147050002500167082002400192100002700216245007000243260004400313300001500357490002400372504005200396533015200448600003100600650004700631651005500678655002900733710001700762830002500779856012500804999001900929ebr2003662CaPaEBRm u cr cn|||||||||981015s1999 enk sb 000 0beng  z 98047724  z0415132851 aCaPaEBRcCaPaEBR a(OCoLC)5069840914aDA522.P6bE93 1999eb04a941.07/3/092aB2211 aEvans, Eric J.,d1945-10aWilliam Pitt the Youngerh[electronic resource] /cEric J. Evans. aLondon ;aNew York :bRoutledge,c1999. axvi, 91 p.1 aLancaster pamphlets aIncludes bibliographical references (p. 88-91). aElectronic reproduction.bPalo Alto, Calif. :cebrary,d2013.nAvailable via World Wide Web.nAccess may be limited to ebrary affiliated libraries.10aPitt, William,d1759-1806. 0aPrime ministerszGreat BritainvBiography. 0aGreat BritainxPolitics and governmenty1760-1820. 7aElectronic books.2local2 aebrary, Inc. 0aLancaster pamphlets.40uhttp://site.ebrary.com/lib/rucke/Doc?id=2003662zAn electronic book accessible through the World Wide Web; click to view c226538d226538